Main Currents of Modern Thought (Record no. 3294)

MARC details
000 -LEADER
fixed length control field 00602nam a2200229 a 4500
020 ## - INTERNATIONAL STANDARD BOOK NUMBER
ISBN
082 00 - DEWEY DECIMAL CLASSIFICATION NUMBER
Classification number 201
Author Cutter EUC
100 ## - MAIN ENTRY--AUTHOR NAME
Author name Eucken, Rudolf
245 ## - TITLE STATEMENT
Title Main Currents of Modern Thought
Sub title Study of the Spiritual & Intellectual Move
260 ## - PUBLICATION, DISTRIBUTION, ETC. (IMPRINT)
Place of publication New York
Name of publisher Charles Scribner`s Sons,
Year of publication 1912
300 ## - PHYSICAL DESCRIPTION
Number of Pages 488p
500 ## - GENERAL NOTE
General note includes index and biblioraphy
505 2# - FORMATTED CONTENTS NOTE
Formatted contents note Index
650 ## - SUBJECT ADDED ENTRY--TOPICAL TERM
Topical Term Philosophical-Theology
942 ## - ADDED ENTRY ELEMENTS (KOHA)
Koha item type Books
Holdings
Home library Current library Date acquired Cost, normal purchase price Full call number Accession Number Koha item type
Henry Martyn Institute Library Henry Martyn Institute Library 03/19/2007 100.00 201 EUC 8350 Archive Book
                   Copyright © 2026 | Henry Martyn Institute | Hyderabad | TS-500052 | INDIA | Implemented by hmi.edu.in
Hit-Count:

Powered by Koha